| 000 | 01641nam a2200373Ii 4500 | ||
|---|---|---|---|
| 001 | DIGBN02971 | ||
| 003 | NyNyDIG | ||
| 006 | m o d | ||
| 007 | cr ||||||||||| | ||
| 008 | 110925s2011 sp a o 000 0 spa d | ||
| 020 | _z8499401775 | ||
| 020 | _z9788499401775 | ||
| 040 |
_aDGITA _beng _epn _cDGITA |
||
| 050 | 1 | 4 | _aBD236; eBook |
| 100 | 1 | _aJaén, Pedro. | |
| 245 | 1 | 0 |
_aEn torno al hombre masa / _cPedro Jaén |
| 264 | 1 |
_aMadrid : _bBiblioteca Nueva, _c2011. |
|
| 300 | _a1 online resource (136 pages) | ||
| 336 |
_atext _btxt _2rdacontent |
||
| 337 |
_acomputer _bc _2rdamedia |
||
| 338 |
_aonline resource _bcr _2rdacarrier |
||
| 490 | 1 | _aLibros singulares | |
| 505 | 0 | _aPrólogo -- I. Equivocidad del término "masa" -- II. ¿qué es desarraigo? -- III. ¿qué es despersonalización? -- IV. La génesis del hombre masa -- V. La multiplicación del hombre masa -- VI. El apogeo del hombre masa -- VII. Infracultura y contracultura -- VIII. Apogeo de la información y ocaso de la tradición -- IX. Viejo y nuevo totalitarismo -- X. Rasgos del hombre masa actual -- XI. Un futuro probable e indeseable -- XII. En busca de otro futuro - Epílogo. | |
| 650 | 0 | _aIdentity (Philosophical concept) | |
| 650 | 0 | _aIndividuation (Philosophy) | |
| 650 | 0 | _aMass society. | |
| 655 | 0 | _aElectronic books. | |
| 791 | 2 |
_aDigitalia (Firm), _edistributor. |
|
| 830 | 0 | _aLibros singulares (Biblioteca Nueva (Firm)). | |
| 793 | 0 |
_gDigitalia eBook Collection: _aBiblioteca Nueva |
|
| 856 | 4 | 0 |
_3Digitalia Hispánica _uhttps://www.digitaliapublishing.com/a/9067/ |
| 910 | _aPremium Collection: 2007-2012 | ||
| 942 | _cRAA | ||
| 999 |
_c232063 _d232063 |
||